| 000 | 00434nam a2200205Ia 4500 | ||
|---|---|---|---|
| 001 | 003901 | ||
| 003 | YMCAF | ||
| 005 | 20230512160238.0 | ||
| 008 | 100717s1974 ||||||||||||||||| ||und|d | ||
| 024 | _a3901 | ||
| 035 | _a3906 | ||
| 040 |
_aYMCAF _beng _cIN-KoLT |
||
| 041 | _aeng | ||
| 082 | _aINS-CUR | ||
| 100 | _aCURRICULUM DEV | ||
| 245 | 0 | _aINSTRUCTIONAL MATERIAL MECH. | |
| 260 | _c1974 | ||
| 300 | _a84 | ||
| 942 |
_2ddc _cBK |
||
| 999 |
_c3098 _d3098 |
||